Statystyki dla Piłka nożna quiz #53 - Najbardziej wartościowi piłkarze Ekstraklasy

Kliknij tutaj aby rozwiązać quiz!

Ogólne statystyki

  • Ten quiz został rozwiązany 70 razy
  • Średni wynik to 6 z 10

Statystyki odpowiedzi

MiejsceZawodnikNarodowośćWiekKlubWartość% Poprawnych
3Kristoffer VeldeNorwegia24Lech Poznań6,00 mln €
82%
10Erik ExpósitoHiszpania27Śląsk Wrocław2,50 mln €
80%
2Vladan KovacevicBośnia i Hercegowina25Raków Częstochowa7,00 mln €
80%
4Filip MarchwinskiPolska22Lech Poznań4,50 mln €
78%
5Dominik MarczukPolska20Jagiellonia Białystok3,50 mln €
58%
6Bartlomiej WdowikPolska23Jagiellonia Białystok3,00 mln €
55%
7Fran TudorChorwacja28Raków Częstochowa3,00 mln €
55%
1Luka VuskovicChorwacja17Radomiak Radom7,00 mln €
51%
9Joel PereiraPortugalia27Lech Poznań2,50 mln €
49%
8Ariel MosorPolska21Piast Gliwice3,00 mln €
45%

Rozkład punktacji

Percentyl według liczby udzielonych odpowiedzi

Procent ludzi z każdym wynikiem

Twoja historia wyników

Nie rozwiązałeś tego quizu